[Event "IECG TE.2008.P.02527 email"]
[Site "IECG email"]
[Date "2008.03.15"]
[Round "?"]
[White "Nenciulescu, Silviu"]
[Black "Theeravanvilai, Prasert"]
[Result "1-0"]
[WhiteElo "2065"]
[BlackElo "1500"]
[PlyCount "89"]
[EventDate "2008.03.15"]
[EventType "tourn (corr)"]
[EventRounds "12"]
[SourceTitle "Corr 2024"]
[Source "ChessBase"]
[SourceDate "2023.10.19"]
[SourceVersion "1"]
[SourceVersionDate "2023.10.19"]
[SourceQuality "1"]

1. d4 d5 2. c4 c6 3. Nc3 Nf6 4. e3 e6 5. Nf3 Nbd7 6. Qc2 Be7 7. b3 dxc4 8. Bxc4 Nb6 9. Bd3 Nbd5 10. a3 Nxc3 11. Qxc3 Nd5 12. Qd2 0-0 13. e4 Nc7 14. 0-0 b6 15. Bb2 Ba6 16. Ne5 Bxd3 17. Qxd3 c5 18. Nc6 Qd7 19. Nxe7+ Qxe7 20. dxc5 Qxc5 21. Rfc1 Qe7 22. Bxg7 Kxg7 23. Qg3+ Kh8 24. Rxc7 Qf6 25. Rac1 Rg8 26. Qe3 h5 27. e5 Qf5 28. Qh6+ Qh7 29. Qf6+ Qg7 30. Rxf7 Qxf6 31. exf6 Raf8 32. Rcc7 Rxf7 33. Rxf7 a5 34. Re7 Rd8 35. Kf1 e5 36. Rxe5 Kh7 37. f7 Kg7 38. Re8 Rd1+ 39. Ke2 Kxf7 40. Kxd1 Kxe8 41. Kd2 Kd7 42. Kd3 Kd6 43. Kc4 Kc6 44. a4 Kd6 45. Kb5 1-0

[Event "IECG CP.2007.P.00063 email"]
[Site "IECG email"]
[Date "2007.10.01"]
[Round "?"]
[White "Lewis, Matthew"]
[Black "Theeravanvilai, Prasert"]
[Result "1-0"]
[WhiteElo "1833"]
[BlackElo "1500"]
[PlyCount "45"]
[EventDate "2007.10.01"]
[EventType "tourn (corr)"]
[EventRounds "6"]
[SourceTitle "Corr 2011"]
[Source "ChessBase"]
[SourceDate "2010.08.31"]
[SourceVersion "1"]
[SourceVersionDate "2010.08.31"]
[SourceQuality "1"]

1. e4 e5 2. Nf3 d6 3. d4 exd4 4. Qxd4 Nc6 5. Bb5 Bd7 6. Bxc6 Bxc6 7. Nc3 Nf6 8. Bg5 Be7 9. 0-0-0 0-0 10. Rhe1 Nd7 11. Bxe7 Qxe7 12. Nd5 Qd8 13. e5 dxe5 14. Nxe5 Qg5+ 15. f4 Qxg2 16. Nxc6 bxc6 17. Rg1 c5 18. Qc3 Qxg1 19. Rxg1 f6 20. Ne7+ Kh8 21. Qh3 Rfd8 22. Ng6+ Kg8 23. Qe6# 1-0

[Event "IECG CP.2007.P.00063 email"]
[Site "IECG email"]
[Date "2007.10.01"]
[Round "?"]
[White "Theeravanvilai, Prasert"]
[Black "Migliorini, Roberto"]
[Result "0-1"]
[WhiteElo "1500"]
[BlackElo "2053"]
[PlyCount "62"]
[EventDate "2007.10.01"]
[EventType "tourn (corr)"]
[EventRounds "6"]
[SourceTitle "Corr 2011"]
[Source "ChessBase"]
[SourceDate "2010.08.31"]
[SourceVersion "1"]
[SourceVersionDate "2010.08.31"]
[SourceQuality "1"]

1. d4 d5 2. Nf3 Nf6 3. Nc3 g6 4. Bg5 Bg7 5. e3 0-0 6. Be2 Bg4 7. Ne5 Bxe2 8. Qxe2 c6 9. Nd3 Nbd7 10. 0-0-0 Qa5 11. f3 Rfe8 12. Kb1 e5 13. dxe5 Nxe5 14. Nxe5 Rxe5 15. Bf4 Re6 16. Qd2 Nh5 17. e4 Bxc3 18. bxc3 dxe4 19. fxe4 Nf6 20. c4 Qb6+ 21. Ka1 Nxe4 22. Qd4 c5 23. Qe3 Qa5 24. Qb3 Nf2 25. Qxb7 Rae8 26. Bd2 Qd8 27. Bg5 Qxg5 28. Qb2 Nxd1 29. Rxd1 Re1 30. Rb1 Rxb1+ 31. Qxb1 Qf6+ 0-1

[Event "IECG TE.2004.P.01502"]
[Site "IECG email"]
[Date "2004.06.17"]
[Round "?"]
[White "Korinek, Jaroslav"]
[Black "Theeravanvilai, Prasert"]
[Result "1-0"]
[WhiteElo "1758"]
[BlackElo "1500"]
[PlyCount "50"]
[EventDate "2004.06.17"]
[EventType "tourn (corr)"]
[EventRounds "8"]
[SourceTitle "Corr 2008"]
[Source "ChessBase"]
[SourceDate "2008.06.24"]
[SourceVersion "1"]
[SourceVersionDate "2008.06.24"]
[SourceQuality "1"]

1. e4 e6 2. d4 d5 3. Nc3 Nf6 4. Bg5 Bb4 5. e5 Bxc3+ 6. bxc3 h6 7. Bc1 Ne4 8. Qg4 g6 9. Ne2 h5 10. Qf4 f6 11. f3 fxe5 12. Qxe5 Nf6 13. Nf4 Rg8 14. Bd3 Nc6 15. Qg5 Ne7 16. Qxf6 Nf5 17. Qxd8+ Kxd8 18. Kf2 Ke7 19. g4 hxg4 20. fxg4 Nh4 21. Kg3 g5 22. Nh3 Ng6 23. Bxg5+ Kd6 24. Raf1 Ne7 25. Rf7 Re8 1-0

[Event "IECG TE.2004.P.01502"]
[Site "IECG email"]
[Date "2004.06.17"]
[Round "?"]
[White "Lahdenmaeki, Leo"]
[Black "Theeravanvilai, Prasert"]
[Result "1-0"]
[WhiteElo "1684"]
[BlackElo "1500"]
[PlyCount "67"]
[EventDate "2004.06.17"]
[EventType "tourn (corr)"]
[EventRounds "8"]
[SourceTitle "Corr 2008"]
[Source "ChessBase"]
[SourceDate "2008.06.24"]
[SourceVersion "1"]
[SourceVersionDate "2008.06.24"]
[SourceQuality "1"]

1. e4 e6 2. d4 d5 3. Nc3 Nf6 4. Bg5 Bb4 5. e5 Bxc3+ 6. bxc3 h6 7. Bc1 Ne4 8. Qg4 g6 9. Bd3 Nxc3 10. Bd2 Ne4 11. Bxe4 dxe4 12. Qxe4 Qd5 13. Qxd5 exd5 14. Ne2 Nc6 15. h4 Bf5 16. Rb1 0-0-0 17. Kd1 h5 18. Re1 Kb8 19. f3 Rhf8 20. Bg5 Rde8 21. Rg1 Nd8 22. Bf6 Re6 23. g4 hxg4 24. fxg4 Be4 25. h5 Rc6 26. Rb2 Ne6 27. h6 g5 28. c3 Bh7 29. Kd2 Rc4 30. Rb4 Rxb4 31. cxb4 Nxd4 32. Nxd4 b6 33. Nf3 Kb7 34. Nxg5 1-0

[Event "IECG TE.2004.P.01502"]
[Site "IECG email"]
[Date "2004.06.17"]
[Round "?"]
[White "Theeravanvilai, Prasert"]
[Black "Lahdenmaeki, Leo"]
[Result "0-1"]
[WhiteElo "1500"]
[BlackElo "1684"]
[PlyCount "60"]
[EventDate "2004.06.17"]
[EventType "tourn (corr)"]
[EventRounds "8"]
[SourceTitle "Corr 2008"]
[Source "ChessBase"]
[SourceDate "2008.06.24"]
[SourceVersion "1"]
[SourceVersionDate "2008.06.24"]
[SourceQuality "1"]

1. e4 e6 2. d4 d5 3. Nc3 Nf6 4. Bg5 Bb4 5. Nge2 dxe4 6. a3 Be7 7. Bxf6 gxf6 8. Nxe4 b6 9. N2g3 Bb7 10. Bb5+ c6 11. Be2 f5 12. Nc3 Bf6 13. Na2 Qxd4 14. Qxd4 Bxd4 15. c3 Bf6 16. 0-0 Nd7 17. Nh5 Rg8 18. Nxf6+ Nxf6 19. Bf3 0-0-0 20. Nb4 c5 21. Bxb7+ Kxb7 22. Na2 Rd2 23. Rab1 Ne4 24. Nc1 c4 25. b3 Nxc3 26. Ra1 b5 27. bxc4 bxc4 28. f3 Rgxg2+ 29. Kh1 Rxh2+ 30. Kg1 Rdg2# 0-1

[Event "IECG TE.2004.P.01502"]
[Site "IECG email"]
[Date "2004.06.17"]
[Round "?"]
[White "Theeravanvilai, Prasert"]
[Black "Rogers, Henry"]
[Result "1/2-1/2"]
[WhiteElo "1500"]
[BlackElo "757"]
[PlyCount "24"]
[EventDate "2004.06.17"]
[EventType "tourn (corr)"]
[EventRounds "8"]
[SourceTitle "Corr 2024"]
[Source "ChessBase"]
[SourceDate "2023.10.19"]
[SourceVersion "1"]
[SourceVersionDate "2023.10.19"]
[SourceQuality "1"]

1. e4 e6 2. d4 d5 3. Nc3 Nf6 4. Bg5 Bb4 5. Nge2 Nbd7 6. e5 h6 7. Bxf6 gxf6 8. g3 fxe5 9. dxe5 Nxe5 10. Bg2 c5 11. 0-0 Bd7 12. a3 Ba5 1/2-1/2

[Event "IECG TE.2003.P.01305 email"]
[Site "IECG email"]
[Date "2003.11.11"]
[Round "?"]
[White "Theeravanvilai, Prasert"]
[Black "Cabrera Pino, Alexis Gianko"]
[Result "0-1"]
[WhiteElo "1500"]
[BlackElo "2132"]
[PlyCount "74"]
[EventDate "2003.11.11"]
[EventType "tourn (corr)"]
[EventRounds "6"]
[SourceTitle "Corr 2008"]
[Source "ChessBase"]
[SourceDate "2008.06.24"]
[SourceVersion "1"]
[SourceVersionDate "2008.06.24"]
[SourceQuality "1"]

1. e4 c5 2. Nf3 Nc6 3. d4 cxd4 4. Nxd4 Nf6 5. Nc3 e6 6. Bd3 Nxd4 7. Bg5 d6 8. 0-0 Be7 9. Be3 Nc6 10. a3 0-0 11. b4 d5 12. exd5 exd5 13. Ne2 Bg4 14. Re1 d4 15. Bf4 Nd5 16. Bg3 Nc3 17. Qd2 Bxe2 18. Bxe2 Bd6 19. Bxd6 Qxd6 20. Bf1 Rfe8 21. Rec1 Ne5 22. Re1 Ng4 23. g3 Ne4 24. Rxe4 Rxe4 25. Bd3 Re7 26. Qg5 Nf6 27. b5 Rae8 28. Qd2 Ne4 29. Qd1 Ng5 30. Qh5 Qd5 31. Bxh7+ Kf8 32. Be4 Rxe4 33. Qh8+ Ke7 34. Qxg7 Re2 35. c4 Nh3+ 36. Kf1 Rxf2+ 37. Ke1 Qh1# 0-1